Statistics for Top 11 Most Catholic U.S. States

Click here to take the quiz!

General Stats

  • This quiz has been taken 11,577 times
  • The average score is 7 of 11

Answer Stats

%State% Correct
31New York
91%
28California
76%
34Massachusetts
74%
34New Jersey
72%
42Rhode Island
66%
33Connecticut
65%
26New Hampshire
61%
34New Mexico
57%
28Illinois
51%
26Louisiana
38%
26North Dakota
17%

Score Distribution

Percentile by Number Answered

Percent of People with Each Score

Your Score History

You have not taken this quiz